000 00363nam a2200145Ia 4500
008 230312s9999||||xx |||||||||||||| ||und||
020 _a81-7094-586-0
082 _a659.2
_bART
245 0 _aArt of Public Relation
260 _bVision business books
_aNew Dehli
_c2001
300 _a168
546 _aEng.
650 _aAccounting
_vThe creation of trust
942 _cBK
999 _c80
_d80